LEADER 01084nam0 22002771i 450 001 UON00434872 005 20231205104923.821 010 $a88-7092-104-2 100 $a20140123d1994 |0itac50 ba 101 $aita$aGRC 102 $aIT 105 $a|||| 1|||| 200 1 $aSulla vendetta di Giuliano (OR. 24)$fLibanio$eTesto, introduzione, traduzione, commentario e appendice a cura a cura di Ugo Criscuolo 205 $aNapoli : D'Auria$b1994 210 $a120 p.$a24 cm 215 $aIn testa al front.: Associazione di studi tardoantichi 620 $aIT$dNapoli$3UONL000012 700 0$aLIBANIUS$3UONV064293$0172673 702 1$aCRISCUOLO$bUgo$3UONV096250 712 $aD'Auria Editore$3UONV246817$4650 801 $aIT$bSOL$c20240220$gRICA 899 $aSIBA - SISTEMA BIBLIOTECARIO DI ATENEO$2UONSI 912 $aUON00434872 950 $aSIBA - SISTEMA BIBLIOTECARIO DI ATENEO$dSI BIZANTINO A 0139 $eSI 7929 5 0139 996 $aSulla vendetta di Giuliano (or$91410122 997 $aUNIOR